[Event "Bratislava exe op 2nd"]
[Site "Bratislava"]
[Date "2024.09.19"]
[Round "6"]
[White "Povysil, Peter"]
[Black "Bednar, Daniel"]
[Result "0-1"]
[WhiteElo "1930"]
[BlackElo "1794"]
[PlyCount "44"]
[EventDate "2024.09.14"]
[EventType "swiss"]
[EventRounds "9"]
[EventCountry "SVK"]
[SourceTitle "EXT 2025"]
[Source "ChessBase"]
[SourceDate "2024.10.14"]
[SourceVersion "1"]
[SourceVersionDate "2024.10.14"]
[SourceQuality "1"]

1. Nf3 d5 2. c4 c6 3. e3 Nf6 4. a3 Bg4 5. h3 Bxf3 6. Qxf3 e5 7. cxd5 cxd5 8. Bb5+ Nbd7 9. 0-0 a6 10. Bxd7+ Qxd7 11. d4 e4 12. Qg3 h5 13. Qe5+ Be7 14. Bd2 a5 15. Nc3 h4 16. Qg5 Kf8 17. g4 hxg3 18. Qxg3 Rxh3 19. Qg2 Ra6 20. Ne2 Nh5 21. Ng3 Rg6 22. Be1 Bd6 0-1

[Event "SVK-chT2A 1920"]
[Site "Slovakia"]
[Date "2019.12.15"]
[Round "6.6"]
[White "Chlpek, Daniel"]
[Black "Povysil, Peter"]
[Result "1-0"]
[WhiteElo "1982"]
[BlackElo "1937"]
[PlyCount "53"]
[EventDate "2019.10.26"]
[EventType "team-tourn"]
[EventRounds "11"]
[EventCountry "SVK"]
[SourceTitle "CBM 194 Extra"]
[Source "ChessBase"]
[SourceDate "2020.03.31"]
[SourceVersion "1"]
[SourceVersionDate "2020.03.31"]
[SourceQuality "1"]
[WhiteTeam "Bratislava Slovan V"]
[BlackTeam "Krasnany"]
[WhiteTeamCountry "SVK"]
[BlackTeamCountry "SVK"]

1. d4 e6 2. Nf3 c5 3. g3 Nf6 4. Bg2 cxd4 5. Nxd4 Be7 6. 0-0 0-0 7. e4 Nc6 8. c4 d5 9. cxd5 exd5 10. Nxc6 bxc6 11. Qc2 Qb6 12. exd5 Nxd5 13. Nc3 Be6 14. Nxd5 Bxd5 15. Be3 Qa5 16. Rfd1 Rfd8 17. a3 Rab8 18. b4 Qa6 19. Bf1 Qb7 20. Qa4 a5 21. bxa5 c5 22. a6 Qa8 23. Rab1 Rxb1 24. Rxb1 Ba2 25. Rc1 Qd5 26. a7 Bb3 27. Qb5 1-0

[Event "SVK-chT2A 1415"]
[Site "Slovakia"]
[Date "2015.02.15"]
[Round "9.4"]
[White "Povysil, Peter"]
[Black "Micek, Jaroslav"]
[Result "0-1"]
[WhiteElo "1997"]
[BlackElo "2112"]
[PlyCount "42"]
[EventDate "2014.10.11"]
[EventType "team-tourn"]
[EventRounds "11"]
[EventCountry "SVK"]
[SourceTitle "EXT 2016"]
[Source "ChessBase"]
[SourceDate "2015.10.08"]
[SourceVersion "1"]
[SourceVersionDate "2015.10.08"]
[SourceQuality "1"]
[WhiteTeam "Bratislava Krasnany"]
[BlackTeam "Bratislava Lokomotiva"]
[WhiteTeamCountry "SVK"]
[BlackTeamCountry "SVK"]

1. Nf3 Nc6 2. d4 d5 3. c4 Bg4 4. cxd5 Bxf3 5. gxf3 Qxd5 6. e3 e5 7. Nc3 Bb4 8. Bd2 Bxc3 9. bxc3 Qe6 10. Rb1 b6 11. Bg2 Nge7 12. f4 exf4 13. Qf3 fxe3 14. fxe3 0-0 15. 0-0 Rad8 16. Rf2 Qg6 17. Rbf1 Qd3 18. Qg3 Rd6 19. Kh1 Na5 20. Qg5 f6 21. e4 Qxf1+ 0-1

[Event "SVK-chT2A 1112"]
[Site "Slovakia"]
[Date "2012.02.26"]
[Round "11.5"]
[White "Povysil, Peter"]
[Black "Hajek, Lukas1"]
[Result "1/2-1/2"]
[WhiteElo "1990"]
[BlackElo "2038"]
[PlyCount "41"]
[EventDate "2011.10.08"]
[EventType "team-tourn"]
[EventRounds "11"]
[EventCountry "SVK"]
[SourceTitle "EXT 2013"]
[Source "ChessBase"]
[SourceDate "2012.11.22"]
[SourceVersion "1"]
[SourceVersionDate "2012.11.22"]
[SourceQuality "1"]
[WhiteTeam "Krasnany"]
[BlackTeam "Bratislava Doprastav II"]
[WhiteTeamCountry "SVK"]
[BlackTeamCountry "SVK"]

1. d4 Nf6 2. c4 g6 3. Nc3 d5 4. Nf3 Bg7 5. h4 c6 6. e3 0-0 7. Bd3 Bg4 8. Bd2 Nbd7 9. Qc2 Qc7 10. Nh2 e5 11. Nxg4 Nxg4 12. Be2 exd4 13. Bxg4 dxc3 14. Bxc3 Bxc3+ 15. Qxc3 Ne5 16. Be2 Nxc4 17. Bxc4 dxc4 18. h5 Rae8 19. hxg6 fxg6 20. Qxc4+ Qf7 21. Qxf7+ 1/2-1/2

[Event "SVK-chT2A 1112"]
[Site "Slovakia"]
[Date "2011.10.08"]
[Round "1.7"]
[White "Mihalik, Anton"]
[Black "Povysil, Peter"]
[Result "0-1"]
[WhiteElo "1965"]
[BlackElo "1990"]
[PlyCount "60"]
[EventDate "2011.10.08"]
[EventType "team-tourn"]
[EventRounds "11"]
[EventCountry "SVK"]
[SourceTitle "EXT 2013"]
[Source "ChessBase"]
[SourceDate "2012.11.22"]
[SourceVersion "1"]
[SourceVersionDate "2012.11.22"]
[SourceQuality "1"]
[WhiteTeam "Piestany Kupele"]
[BlackTeam "Krasnany"]
[WhiteTeamCountry "SVK"]
[BlackTeamCountry "SVK"]

1. c4 Nf6 2. Nc3 c5 3. g3 Nc6 4. Bg2 e6 5. Nf3 d5 6. cxd5 exd5 7. d4 Be6 8. Bg5 Be7 9. 0-0 h6 10. Bf4 0-0 11. Rc1 Rc8 12. Qa4 a6 13. a3 Qb6 14. dxc5 Bxc5 15. Nd1 Ne4 16. b4 Be7 17. Nc3 Nxc3 18. Rxc3 Nd4 19. Re3 Nc2 20. Rd3 d4 21. Nd2 Bf5 22. Be4 Bxe4 23. Nxe4 Qe6 24. Nc5 Bxc5 25. bxc5 Rxc5 26. e3 Rc4 27. Qb3 g5 28. Rc1 Rfc8 29. Rd2 gxf4 30. Rdxc2 Rxc2 0-1

[Event "SVK-chT2A 10/11"]
[Site "Slovakia"]
[Date "2011.03.05"]
[Round "8.6"]
[White "Povysil, Peter"]
[Black "Goga, Frantisek"]
[Result "1-0"]
[WhiteElo "2012"]
[BlackElo "1912"]
[PlyCount "63"]
[EventDate "2010.10.23"]
[EventType "team-tourn"]
[EventRounds "11"]
[EventCountry "SVK"]
[SourceTitle "EXT 2019"]
[Source "ChessBase"]
[SourceDate "2018.10.10"]
[SourceVersion "1"]
[SourceVersionDate "2018.10.10"]
[SourceQuality "1"]
[WhiteTeam "Krasnany"]
[BlackTeam "Bratislava Doprastav III"]
[WhiteTeamCountry "SVK"]
[BlackTeamCountry "SVK"]

1. e4 c5 2. Nf3 d6 3. d4 cxd4 4. Nxd4 Nf6 5. Nc3 a6 6. f3 e5 7. Nb3 Be6 8. Be3 Be7 9. Qd2 b5 10. 0-0-0 Nbd7 11. Qf2 0-0 12. h4 Qc7 13. h5 b4 14. Nd5 Bxd5 15. exd5 a5 16. Kb1 a4 17. Nc1 Qa5 18. Qd2 Nb6 19. Bxb6 Qxb6 20. Bd3 Ra5 21. Be4 Nxe4 22. fxe4 Rc8 23. h6 g6 24. Rdf1 Rc4 25. Qe2 Qd4 26. Qf3 f6 27. Qh3 f5 28. exf5 a3 29. Nd3 g5 30. f6 g4 31. fxe7 Ra8 32. Qh5 1-0

[Event "SVK-chT2A 10/11"]
[Site "Slovakia"]
[Date "2011.02.05"]
[Round "6.5"]
[White "Hartl, Jan"]
[Black "Povysil, Peter"]
[Result "1-0"]
[WhiteElo "2118"]
[BlackElo "2012"]
[PlyCount "82"]
[EventDate "2010.10.23"]
[EventType "team-tourn"]
[EventRounds "11"]
[EventCountry "SVK"]
[SourceTitle "EXT 2019"]
[Source "ChessBase"]
[SourceDate "2018.10.10"]
[SourceVersion "1"]
[SourceVersionDate "2018.10.10"]
[SourceQuality "1"]
[WhiteTeam "Pezinok KS"]
[BlackTeam "Krasnany"]
[WhiteTeamCountry "SVK"]
[BlackTeamCountry "SVK"]

1. e4 e6 2. d4 d5 3. e5 c5 4. c3 Nc6 5. Nf3 Qb6 6. Bd3 Bd7 7. dxc5 Bxc5 8. 0-0 Qc7 9. b4 Bb6 10. Re1 Nge7 11. a4 a6 12. Ba3 Ng6 13. Qe2 Nf4 14. Qd2 Nxd3 15. Qxd3 Ne7 16. a5 Ba7 17. Nd4 Rc8 18. Bb2 Ng6 19. Qe3 0-0 20. Nd2 f6 21. f4 Nxf4 22. Qxf4 Bb8 23. N2f3 Qd8 24. Qh4 Rc4 25. Re3 Qe8 26. Qh3 Kh8 27. Rae1 Qf7 28. R3e2 fxe5 29. Rxe5 Bxe5 30. Rxe5 Qg6 31. Qg3 Qb1+ 32. Re1 Qxb2 33. Qd6 Rcc8 34. Qxd7 Qxc3 35. Qxe6 Qxb4 36. Qxd5 Rcd8 37. Qe4 Qxa5 38. Ne6 Rde8 39. Qxb7 Qc3 40. Qe4 Rf6 41. Qa4 Rfxe6 1-0

[Event "SVK-chT2A 10/11"]
[Site "Slovakia"]
[Date "2010.12.05"]
[Round "4.6"]
[White "Povysil, Peter"]
[Black "Milanov, Jasen"]
[Result "1/2-1/2"]
[WhiteElo "2012"]
[BlackElo "1955"]
[PlyCount "76"]
[EventDate "2010.10.23"]
[EventType "team-tourn"]
[EventRounds "11"]
[EventCountry "SVK"]
[SourceTitle "EXT 2019"]
[Source "ChessBase"]
[SourceDate "2018.10.10"]
[SourceVersion "1"]
[SourceVersionDate "2018.10.10"]
[SourceQuality "1"]
[WhiteTeam "Krasnany"]
[BlackTeam "Bratislava Doprastav"]
[WhiteTeamCountry "SVK"]
[BlackTeamCountry "SVK"]

1. d4 e6 2. e3 Nf6 3. Bd3 Be7 4. Nc3 d5 5. Bd2 b6 6. Nh3 Bb7 7. Qf3 Nbd7 8. Nf4 c6 9. Qg3 g6 10. 0-0-0 Qc7 11. e4 dxe4 12. Nxe4 Nxe4 13. Bxe4 Nf6 14. Bf3 0-0-0 15. Be3 Bd6 16. Qh4 Nd7 17. Nd3 f6 18. Rhe1 Rde8 19. Qh3 Re7 20. Bd2 Rhe8 21. Bc3 Kb8 22. g3 e5 23. Qg2 f5 24. dxe5 Nxe5 25. Nxe5 Bxe5 26. Bxe5 Rxe5 27. Rxe5 Rxe5 28. Qf1 Qe7 29. Qd3 Kc7 30. Qc3 c5 31. Bxb7 Kxb7 32. Rd7+ Qxd7 33. Qxe5 Kc6 34. c3 Qd5 35. Qe8+ Qd7 36. Qe3 Qd5 37. Qe8+ Qd7 38. Qe3 Qd5 1/2-1/2

[Event "Bratislava Doprastav op"]
[Site "Bratislava"]
[Date "2009.07.07"]
[Round "5"]
[White "Povysil, Peter"]
[Black "Frindt, Kornel"]
[Result "0-1"]
[WhiteElo "1999"]
[BlackElo "2099"]
[PlyCount "60"]
[EventDate "2009.07.04"]
[EventType "swiss"]
[EventRounds "9"]
[EventCountry "SVK"]
[SourceTitle "EXT 2015"]
[Source "ChessBase"]
[SourceDate "2014.11.20"]
[SourceVersion "1"]
[SourceVersionDate "2014.11.20"]
[SourceQuality "1"]

1. d4 Nf6 2. Nf3 g6 3. c4 Bg7 4. Nc3 d6 5. e4 0-0 6. Be2 Na6 7. 0-0 e5 8. Bg5 Qe8 9. dxe5 dxe5 10. Bxf6 Bxf6 11. Nd5 Bd8 12. Qd2 c6 13. Ne3 Nc5 14. Bd3 f5 15. Qc2 f4 16. Nd1 g5 17. Re1 g4 18. Nd2 Qh5 19. Nf1 Ba5 20. Nc3 Ne6 21. c5 Nd4 22. Bc4+ Kh8 23. Qd3 Qh4 24. Kh1 Qxf2 25. Rad1 Qxb2 26. Rc1 f3 27. Ne3 fxg2+ 28. Nxg2 Rf3 29. Ne3 Rh3 30. Rc2 Qxc2 0-1

[Event "Bratislava Doprastav op"]
[Site "Bratislava"]
[Date "2009.07.05"]
[Round "3"]
[White "Povysil, Peter"]
[Black "Soldan, Jan"]
[Result "1-0"]
[WhiteElo "1999"]
[BlackElo "1922"]
[PlyCount "113"]
[EventDate "2009.07.04"]
[EventType "swiss"]
[EventRounds "9"]
[EventCountry "SVK"]
[SourceTitle "EXT 2015"]
[Source "ChessBase"]
[SourceDate "2014.11.20"]
[SourceVersion "1"]
[SourceVersionDate "2014.11.20"]
[SourceQuality "1"]

1. d4 Nf6 2. c4 g6 3. Nc3 Bg7 4. e4 d6 5. Be2 0-0 6. Nf3 Nbd7 7. 0-0 a5 8. h3 e5 9. Be3 b6 10. Rb1 Bb7 11. d5 Nc5 12. Qc2 h6 13. a3 Nh5 14. b4 Nd7 15. c5 dxc5 16. bxc5 Ba6 17. c6 Ndf6 18. Bxa6 Rxa6 19. Rfd1 Ne8 20. d6 Nxd6 21. Nb5 Qe7 22. Nxd6 cxd6 23. Qd3 Raa8 24. Qxd6 Qxd6 25. Rxd6 Nf4 26. Rxb6 Ne6 27. Rb7 Rfc8 28. a4 Nd8 29. Rxd8+ Rxd8 30. c7 Rdc8 31. Ba7 Rxa7 32. Rxa7 f6 33. Nd2 Bf8 34. Nc4 Bc5 35. Rb7 Kf7 36. Nxa5 Ke7 37. Nc4 Kd7 38. Nb6+ Kc6 39. Rb8 Rxc7 40. Nd5 Rf7 41. Rc8+ Kd6 42. Ra8 Ke6 43. Ra6+ Bd6 44. Ne3 Rd7 45. Nc4 Ke7 46. Nxd6 Rxd6 47. Rxd6 Kxd6 48. Kf1 Kc5 49. Ke2 Kb4 50. Kd3 Kxa4 51. Kc4 g5 52. Kd5 Kb4 53. Ke6 Kc4 54. Kxf6 Kd4 55. Kf5 h5 56. Kxg5 Kxe4 57. Kxh5 1-0

[Event "Bratislava Doprastav op"]
[Site "Bratislava"]
[Date "2008.06.29"]
[Round "2"]
[White "Povysil, Peter"]
[Black "Kucera, Michal"]
[Result "1/2-1/2"]
[WhiteElo "2013"]
[BlackElo "1943"]
[PlyCount "23"]
[EventDate "2008.06.28"]
[EventType "swiss"]
[EventRounds "7"]
[EventCountry "SVK"]
[SourceTitle "CBM 125 Extra"]
[Source "ChessBase"]
[SourceDate "2008.09.01"]
[SourceVersion "1"]
[SourceVersionDate "2008.09.01"]
[SourceQuality "1"]

1. e4 c5 2. Nf3 d6 3. Bb5+ Nc6 4. 0-0 Bd7 5. Nc3 a6 6. Bxc6 bxc6 7. d4 cxd4 8. Qxd4 e5 9. Qd3 Be7 10. b3 Nf6 11. h3 0-0 12. Ne2 1/2-1/2

[Event "Bratislava Doprastav op"]
[Site "Bratislava"]
[Date "2008.06.28"]
[Round "1"]
[White "Horvath, Marek"]
[Black "Povysil, Peter"]
[Result "1/2-1/2"]
[WhiteElo "1694"]
[BlackElo "2013"]
[PlyCount "65"]
[EventDate "2008.06.28"]
[EventType "swiss"]
[EventRounds "7"]
[EventCountry "SVK"]
[SourceTitle "CBM 125 Extra"]
[Source "ChessBase"]
[SourceDate "2008.09.01"]
[SourceVersion "1"]
[SourceVersionDate "2008.09.01"]
[SourceQuality "1"]

1. e4 e6 2. d4 d5 3. exd5 exd5 4. Nf3 Nf6 5. Bg5 Be7 6. Bd3 Be6 7. Nbd2 Nbd7 8. 0-0 c6 9. Re1 Qb6 10. Rb1 0-0 11. c3 Rfe8 12. Qc2 c5 13. dxc5 Nxc5 14. Bf5 g6 15. Bxe6 Nxe6 16. Be3 Qc7 17. h3 Bd6 18. Nd4 Qd7 19. Nxe6 fxe6 20. Nf3 e5 21. Rbd1 Qc6 22. Qb3 Kg7 23. Bg5 e4 24. Nd4 Qd7 25. Be3 a6 26. Nc2 Be5 27. Bd4 Qf7 28. Ne3 Rad8 29. Re2 b5 30. Red2 Rd7 31. a4 Bxd4 32. Rxd4 bxa4 33. Qxa4 1/2-1/2

[Event "Tatry op"]
[Site "Tatranske Zruby"]
[Date "2007.09.25"]
[Round "5"]
[White "Formanek, Jan"]
[Black "Povysil, Peter"]
[Result "1-0"]
[WhiteElo "1711"]
[BlackElo "2016"]
[PlyCount "39"]
[EventDate "2007.09.22"]
[EventType "swiss"]
[EventRounds "9"]
[EventCountry "SVK"]
[SourceTitle "CBM 120 Extra"]
[Source "ChessBase"]
[SourceDate "2007.11.01"]
[SourceVersion "1"]
[SourceVersionDate "2007.11.01"]
[SourceQuality "1"]

1. e4 e6 2. d4 d5 3. e5 c5 4. c3 Nc6 5. Nf3 Qb6 6. Bd3 Bd7 7. 0-0 cxd4 8. cxd4 Nxd4 9. Nxd4 Qxd4 10. Nc3 Be7 11. Nb5 Qxe5 12. Re1 Qb8 13. Qf3 g5 14. Bd2 g4 15. Qxg4 Nf6 16. Qd4 Bxb5 17. Bxb5+ Kd8 18. Bf4 Bd6 19. Qxf6+ Kc7 20. Qe7+ 1-0